000 00447pab a2200157 454500
008 180718b2001 xxu||||| |||| 00| 0 eng d
100 _aCooper, Alexander I.
245 _aNominating Presidential candidates: the primary season compared to two alternatives
260 _c2001
300 _ap.771-94
362 _aDec
650 _aPresidents - United States
650 _aPresidents
773 _aPolitical Research Quarterly
909 _a51483
999 _c51483
_d51483